Statistics for Guess the country from its language.

Click here to take the quiz!

General Stats

  • This quiz has been taken 56 times
  • The average score is 12 of 15

Answer Stats

HintAnswer% Correct
DeutschlandGermany
98%
NederlandNetherlands
96%
ItaliaItaly
96%
PolskaPoland
96%
EspanaSpain
96%
BulgariyaBulgaria
96%
DanmarkDenmark
96%
RossiyaRussia
93%
PilipinasPhilippines
91%
SverigeSweden
78%
NihonJapan
74%
BhaaratIndia
48%
ElladaGreece
41%
DeguoChina
37%
PrathesthiyThailand
17%

Score Distribution

Percentile by Number Answered

Percent of People with Each Score

Your Score History

You have not taken this quiz